000 00383nam a22000977a 4500
999 _c2826
_d2826
008 181001b ||||| |||| 00| 0 eng d
100 _aJulemaerkekomiteen (Denmark).
245 _aCaritas, Exhibition on Occasion of the 50th Anniversary of the (Christmas Seals)
260 _aKopenhagen, Denmark
_bGrundtvigs Hus
_c1953
650 _aCatalogs | Foreign Exhibitions | Denmark | Christmas Seals